Normal view
MARC view
- Novel
Entry Topical Term
Number of records used in: 131
001 - CONTROL NUMBER
- control field: 2525
003 - CONTROL NUMBER IDENTIFIER
- control field: NUST
005 - DATE AND TIME OF LATEST TRANSACTION
- control field: 20170613113809.0
008 - FIXED-LENGTH DATA ELEMENTS
- fixed length control field: 170613|| aca||aabn | a|a d
040 ## - CATALOGING SOURCE
- Original cataloging agency: NUST
- Transcribing agency: NUST
150 ## - HEADING--TOPICAL TERM
- Topical term or geographic name entry element: Novel
670 ## - SOURCE DATA FOUND
- Source citation: Work cat.: (NUST)3909: Nimra Ahmed 2524, Mushaf , 2014.
